Was THIS Actor in THAT Movie? Quiz Stats

 Plays Quiz Updated Aug 27, 2014

Support Sporcle.
Go Orange.
Score 0/24 Timer 05:00
0 Plays Today
Hint Y/N % Correct
Dan Aykroyd???
96.2%
Dustin Hoffman???
86.3%
Matt Damon???
84.2%
Martin Sheen???
82.3%
Jimmy Stewart???
78.1%
Christopher Plummer???
77.7%
Kevin Bacon???
75.2%
Robin Williams???
75%
Edward Norton???
71.2%
Matthew McConaughey???
71.1%
Alec Guinness???
70.9%
Roger Moore???
69.5%
Hint Y/N % Correct
Ben Kingsley???
64.9%
Alec Baldwin???
64.2%
Bryan Cranston???
61.9%
Haley Joel Osment???
61.2%
Robert De Niro???
59.4%
Clint Eastwood???
58.4%
Vin Diesel???
58%
Woody Harrelson???
51.7%
Chiwetel Ejiofor???
50.2%
Harrison Ford???
42.8%
Tom Berenger???
42.5%
Sean Connery???
42.4%

You're not logged in!

Compare scores with friends on all Sporcle quizzes.
OR
Log In

From the Vault

SNL - Maya Rudolph Impressions

by Librarysquirrel

What happens when people start doing impressions of the impersonator?
Remove Ads.
Support Sporcle.
Get the best of Sporcle when you Go Orange. This ad-free experience offers more features, more stats, and more fun while also helping to support Sporcle. Thank you for becoming a member.

Show Comments

Extras

Top Quizzes Today


Score Distribution

Your Account Isn't Verified!

In order to create a playlist on Sporcle, you need to verify the email address you used during registration. Go to your Sporcle Settings to finish the process.

Report this User

Report this user for behavior that violates our Community Guidelines.

Details: